Physiology and ecology of animal migration (Record no. 758791)

MARC details
000 -LEADER
fixed length control field 00380nam a2200145 4500
020 ## - INTERNATIONAL STANDARD BOOK NUMBER
ISBN 9798893650242
082 ## - DEWEY DECIMAL CLASSIFICATION NUMBER
Classification number 591.525
Item number FER.P
084 ## - OTHER CLASSIFICATION NUMBER
Source of Number Colon Classification
100 ## - MAIN ENTRY--AUTHOR NAME
Personal name Ferguson, Brendan
245 ## - TITLE STATEMENT
Title Physiology and ecology of animal migration
260 ## - PUBLICATION, DISTRIBUTION, ETC. (IMPRINT)
Place of publication New York:
Name of publisher Murphy & Moore;
Year of publication 2025.
300 ## - PHYSICAL DESCRIPTION
Number of Pages 229p.
942 ## - ADDED ENTRY ELEMENTS (KOHA)
Source of classification or shelving scheme Dewey Decimal Classification
Koha item type Book
Holdings
Withdrawn status Lost status Source of classification or shelving scheme Damaged status Not for loan Collection code Home Library Current Location Shelving location Date acquired Full call number Accession Number Price effective from Koha item type
    Dewey Decimal Classification     Non-fiction Campus Library Kariavattom Campus Library Kariavattom General Stacks 21/04/2026 591.525 FER.P UCL35743 21/04/2026 Book